000
00261nam a22001097a 4500
003
OSt
005
20250901165807.0
008
250320b |||||||| |||| 00| 0 eng d
040
_c
F
245
_a
The Sad Artist and Other Fairytales
_c
WAHOME NDIRITU
942
_2
lcc
_c
BK
999
_c
9309
_d
9309